Plant biomechanics : (Record no. 14483)
[ view plain ]
| 000 -LEADER | |
|---|---|
| fixed length control field | 00461pam a2200157 a 4500 |
| 020 ## - INTERNATIONAL STANDARD BOOK NUMBER | |
| ISBN | 0226586308 |
| 020 ## - INTERNATIONAL STANDARD BOOK NUMBER | |
| ISBN | 0226586316 |
| 040 ## - CATALOGING SOURCE | |
| Transcribing agency | DLC |
| 082 ## - DEWEY DECIMAL CLASSIFICATION NUMBER | |
| Classification number | 581 UNI 1992 A060 Or. |
| 100 1# - MAIN ENTRY--AUTHOR NAME | |
| Personal name | Niklas, Karl J |
| 245 10 - TITLE STATEMENT | |
| Title | Plant biomechanics : |
| Remainder of title | an engineering approach to plant form and function / |
| 260 ## - PUBLICATION, DISTRIBUTION, ETC. (IMPRINT) | |
| Place of publication | Chicago : |
| Name of publisher | University of Chicago Press, |
| Year of publication | c1992 |
| 300 ## - PHYSICAL DESCRIPTION | |
| Number of Pages | xiii, 607 p. : |
| Other physical details | ill. (some col.) ; |
| Dimensions | 24 cm |
| 650 #0 - SUBJECT ADDED ENTRY--TOPICAL TERM | |
| Topical Term | Plant mechanics |
| 942 ## - ADDED ENTRY ELEMENTS (KOHA) | |
| Koha item type | សៀវភៅភាសាអង់គ្លេស |
| 952 ## - LOCATION AND ITEM INFORMATION (KOHA) | |
| Withdrawn status [LOCAL, KOHA] | 0 |
| Permanent Location | Date acquired | Koha item type | Lost status | Shelving location | Barcode | Current Location | Full call number |
|---|---|---|---|---|---|---|---|
| Library Block A | 2017-10-18 | សៀវភៅភាសាអង់គ្លេស | A060 | A20639 | Library Block A | 581 UNI 1992 A060 Or. |